STATÍNY - LIEKOVÉ INTERAKCIE

Bibliographic Details
Main Author: Fedelešová, Viera (Author)
Format: Article
Language:Slovak

MARC

LEADER 00000nab a2200000ua 4500
001 vtls010747870
003 SK-MaSNL
005 20260304195855.0
008 250718s2002 xo |||||||||||||||||slo|
035 |a (urnnbn)urn:nbn:sk:snk:ar-a05j9i 
035 |a (uuid)c951cddc-6243-4f60-8c2d-7b7502acd430 
035 |a urn:nbn:sk:snk-ab4txq 
040 |a SNKBUCL  |b slo  |c SNKBUCL  |e AACR2 
041 0 |a slo 
044 |a xo  |c SK 
100 1 |a Fedelešová, Viera  |4 aut  |9 196803 
245 1 0 |a STATÍNY - LIEKOVÉ INTERAKCIE  |c Viera Fedelešová 
773 0 |t Interná medicína  |g Roč. 2, č. 1 (2002), s. 52-53 
850 |a Slovenská národná knižnica 
852 |a Slovenská národná knižnica 
954 |a odborná, vedecká literatúra pôvodná (slovenská)  |2 lita 
958 |a article3 
958 |a OND 
958 |a EUIPO 
999 |c 3083397  |d 3085327